000 00421nam a2200169 a 4500
001 0000-8515
003 ELIB.Books
008 110520 2005
035 _a(ELIB.Books)0000-8660
082 _aFic
_bHar
100 _aHardy, Thomas
245 _aThe Trumpet - Major
260 _bOxford: Macmillan Publishers Limited
_c2005
650 _aFiction
942 _2ddc
_cBK
998 _cbat
_e2011-05-20
999 _c8515
_d8515